[Event "Politiken Cup 2007"]
[Site "Helsingor"]
[Date "2007.07.22"]
[Round "2.134"]
[White "Nielsen, Bjørn"]
[Black "Jensen, Mads"]
[Result "0-1"]
[WhiteElo "1110"]
[BlackElo "1851"]
[PlyCount "88"]
[EventDate "2007.??.??"]

1. d4 g6 2. e4 Bg7 3. Nf3 d6 4. Nc3 a6 5. Bc4 b5 6. Bb3 Bb7 7. O-O Nd7 8. Ng5
Nh6 9. Qf3 O-O 10. Qd1 c5 11. Bd5 Bxd5 12. Nxd5 cxd4 13. Nf3 e5 14. Nb4 Nb6 15.
b3 Qc7 16. Bd2 Qb7 17. Re1 f5 18. Qe2 fxe4 19. Qxe4 Qxe4 20. Rxe4 Rfc8 21. Rc1
a5 22. Nd3 d5 23. Rh4 Nf5 24. Rh3 e4 25. Ng5 exd3 26. cxd3 Rxc1+ 27. Bxc1 Rc8
28. Bf4 Be5 29. g3 Bxf4 30. gxf4 h6 31. Nf3 Rc2 32. a4 bxa4 33. bxa4 Nxa4 34.
Ne5 Kg7 35. Rf3 Nh4 36. Kf1 Nxf3 37. h4 Nxe5 38. fxe5 Nc3 39. f4 a4 40. h5 gxh5
41. f5 a3 42. f6+ Kg6 43. e6 a2 44. e7 a1=R# 0-1

[Event "Politiken Cup 2007"]
[Site "Helsingor"]
[Date "2007.07.22"]
[Round "2.135"]
[White "Nordin, Eric"]
[Black "Larsen, Bror Johannes"]
[Result "1/2-1/2"]
[WhiteElo "1843"]
[BlackElo "1048"]
[PlyCount "118"]
[EventDate "2007.??.??"]

1. e4 e6 2. d4 d5 3. exd5 exd5 4. Nf3 Nc6 5. c4 Be6 6. Nc3 Nge7 7. c5 Ng6 8.
Bb5 Be7 9. O-O O-O 10. Re1 Bf6 11. Qa4 Nce7 12. Bg5 Nf5 13. Bxf6 Qxf6 14. Ne5
c6 15. Nxc6 bxc6 16. Bxc6 Rac8 17. Bb7 Rb8 18. c6 Qxd4 19. Qxd4 Nxd4 20. Rad1
Nf5 21. Nb5 Rxb7 22. cxb7 Rb8 23. g4 Nfh4 24. Nd4 Bxg4 25. Nc6 Rxb7 26. Re8+
Nf8 27. Rxd5 Nhg6 28. Rdd8 Rc7 29. Ne5 Bh3 30. f4 Re7 31. Nxg6 Rxe8 32. Rxe8
fxg6 33. Ra8 Kf7 34. Kf2 Nd7 35. Rxa7 Kf6 36. b4 Be6 37. a4 Ke7 38. Ke3 Kd6 39.
Ra6+ Kd5 40. b5 Nc5 41. Ra7 Bd7 42. b6 Kc6 43. a5 Nb7 44. a6 Nc5 45. b7 Kc7 46.
Ra8 Nxa6 47. Rxa6 Kxb7 48. Ra5 Kc6 49. Kd4 Kd6 50. Ra6+ Ke7 51. Ke5 Bf5 52.
Ra7+ Kf8 53. h4 Bg4 54. Rb7 h5 55. Ke4 Bf5+ 56. Ke3 Bg4 57. Kf2 Bf5 58. Ra7 Bg4
59. Kg3 Bf5 1/2-1/2

[Event "Politiken Cup 2007"]
[Site "Helsingor"]
[Date "2007.07.22"]
[Round "2.136"]
[White "Brandt, Eivind"]
[Black "Larsen, Finn"]
[Result "1-0"]
[WhiteElo "1030"]
[BlackElo "1840"]
[PlyCount "71"]
[EventDate "2007.??.??"]

1. d4 Nf6 2. c4 e6 3. Nc3 Bb4 4. Bd2 O-O 5. a3 Bxc3 6. Bxc3 d5 7. b3 Nbd7 8. e3
Ne4 9. Bb2 Ndf6 10. c5 h6 11. Bd3 b6 12. b4 a5 13. Nf3 Ng4 14. O-O f5 15. h3
Ngf6 16. Ne5 Qe8 17. Qe1 Nd7 18. Bb5 Qd8 19. Nc6 Qf6 20. cxb6 cxb6 21. bxa5
bxa5 22. Nxa5 Rb8 23. a4 Rf7 24. Nc6 Ra8 25. Qe2 Nd6 26. Ne5 Nxb5 27. Nxf7 Nc7
28. Nd6 Ba6 29. Nb5 Rb8 30. Qc2 Nxb5 31. axb5 Bxb5 32. Rfb1 Bc4 33. Qa4 Nb6 34.
Qa7 Qd8 35. Bc3 Qd6 36. Ba5 1-0

[Event "Politiken Cup 2007"]
[Site "Helsingor"]
[Date "2007.07.22"]
[Round "2.137"]
[White "Motzkus, Mikkel"]
[Black "Brandt, Jan-Erik"]
[Result "1-0"]
[WhiteElo "1839"]
[BlackElo "1000"]
[PlyCount "55"]
[EventDate "2007.??.??"]

1. d4 d5 2. c4 Nf6 3. Nf3 Bg4 4. Ne5 Bh5 5. Qb3 e6 6. Qxb7 Nbd7 7. Nc6 Qc8 8.
Qxc8+ Rxc8 9. Nxa7 Ra8 10. Nb5 Rc8 11. cxd5 exd5 12. Bf4 Bb4+ 13. N1c3 O-O 14.
a3 Ba5 15. b4 Bb6 16. e3 h6 17. Bd3 g5 18. Bg3 Ne4 19. Nxe4 dxe4 20. Bxe4 Nf6
21. Bf5 Rcd8 22. Bxc7 Bxc7 23. Nxc7 Rb8 24. O-O Bg4 25. Bxg4 Nxg4 26. Nd5 h5
27. h3 Nh6 28. Nf6+ 1-0

[Event "Politiken Cup 2007"]
[Site "Helsingor"]
[Date "2007.07.22"]
[Round "3.3"]
[White "Krasenkow, Michal"]
[Black "Olsen, Heini"]
[Result "1-0"]
[WhiteElo "2660"]
[BlackElo "2350"]
[PlyCount "71"]
[EventDate "2007.??.??"]

1. Nf3 Nf6 2. c4 b6 3. d4 e6 4. a3 Bb7 5. Nc3 g6 6. Qc2 d5 7. cxd5 exd5 8. Bf4
c6 9. O-O-O Bg7 10. e4 O-O 11. e5 Nfd7 12. h4 c5 13. Bg5 Qc8 14. dxc5 d4 15.
Nxd4 bxc5 16. Ndb5 Nxe5 17. Be7 Nbc6 18. Bxc5 Rd8 19. Nd6 Qb8 20. h5 Na5 21.
hxg6 hxg6 22. b4 Nd7 23. Qa2 Rf8 24. Nxf7 Qf4+ 25. Be3 Qxf7 26. Rxd7 Nb3+ 27.
Kb1 Qxd7 28. Qxb3+ Rf7 29. Bc4 Rc8 30. Bc5 Qf5+ 31. Ka2 Rxc5 32. bxc5 Qxf2+ 33.
Kb1 Bxg2 34. Rd1 Qf5+ 35. Ka1 Bc6 36. Rf1 1-0

[Event "Politiken Cup 2007"]
[Site "Helsingor"]
[Date "2007.07.22"]
[Round "3.4"]
[White "Rasmussen, Casper"]
[Black "Nielsen, Peter Heine"]
[Result "0-1"]
[WhiteElo "2351"]
[BlackElo "2637"]
[PlyCount "64"]
[EventDate "2007.??.??"]

1. Nf3 Nf6 2. c4 g6 3. Nc3 Bg7 4. e4 d6 5. d4 O-O 6. Be2 e5 7. O-O Nc6 8. d5
Ne7 9. b4 Ne8 10. c5 f5 11. Nd2 Nf6 12. f3 f4 13. a4 g5 14. Ba3 Rf7 15. Nc4 Bf8
16. b5 Ng6 17. b6 dxc5 18. bxc7 Rxc7 19. Nb5 Rg7 20. d6 Be6 21. Bb2 Ne8 22.
Nxe5 a6 23. d7 Nf6 24. Nxg6 hxg6 25. Nc7 Qxc7 26. Bxf6 Rxd7 27. Qc2 c4 28. Qc3
Rc8 29. a5 b5 30. axb6 Qxb6+ 31. Kh1 Bb4 32. Qc2 Rd2 0-1

[Event "Politiken Cup 2007"]
[Site "Helsingor"]
[Date "2007.07.22"]
[Round "3.5"]
[White "Berg, Emanuel"]
[Black "Larsen, Karsten"]
[Result "1-0"]
[WhiteElo "2580"]
[BlackElo "2325"]
[PlyCount "83"]
[EventDate "2007.??.??"]

1. e4 e5 2. Nf3 Nc6 3. Bb5 a6 4. Ba4 Nf6 5. O-O b5 6. Bb3 Bc5 7. c3 d6 8. a4
Rb8 9. axb5 axb5 10. d4 Bb6 11. Qd3 O-O 12. Bg5 Bb7 13. Nbd2 h6 14. Bh4 Re8 15.
Rfe1 Qe7 16. Nf1 Na5 17. Bc2 Qe6 18. d5 Qe7 19. Bxf6 Qxf6 20. Qxb5 Bc6 21. Qe2
Bb5 22. Bd3 Bxd3 23. Qxd3 Nb3 24. Ra2 Qg6 25. Ng3 Qf6 26. Rf1 g6 27. Nd2 Bc5
28. Qc2 Nxd2 29. Qxd2 Qf4 30. Qc2 Rf8 31. Ne2 Qg5 32. b4 Bb6 33. c4 Qe7 34. Rc1
Bd4 35. Qd2 Qh4 36. Nxd4 exd4 37. f4 Rfe8 38. Re1 Ra8 39. Rxa8 Rxa8 40. g3 Qh3
41. e5 Ra3 42. e6 1-0

[Event "Politiken Cup 2007"]
[Site "Helsingor"]
[Date "2007.07.22"]
[Round "3.6"]
[White "Bae, Torstein"]
[Black "Hillarp Persson, Tiger"]
[Result "1-0"]
[WhiteElo "2364"]
[BlackElo "2568"]
[PlyCount "91"]
[EventDate "2007.??.??"]

1. e4 c5 2. Nf3 d6 3. d4 cxd4 4. Nxd4 Nf6 5. Nc3 a6 6. Be3 e6 7. f3 b5 8. g4 h6
9. Qd2 b4 10. Na4 Nbd7 11. O-O-O Ne5 12. b3 Bd7 13. Nb2 Qa5 14. a4 Rc8 15. h4
d5 16. Bf4 Bd6 17. exd5 Nxd5 18. Nf5 exf5 19. Qxd5 Nd3+ 20. Qxd3 Bxf4+ 21. Kb1
Be6 22. Qxa6 Qxa6 23. Bxa6 Rc3 24. gxf5 Bxf5 25. Rhe1+ Be6 26. Re4 Bb8 27. Rxb4
O-O 28. Bd3 Bd6 29. Rb5 Be7 30. h5 Bf6 31. Be4 Bc8 32. Rb6 Rc5 33. Rb5 Rc3 34.
Rb6 Rc5 35. Rd5 Rc7 36. Nd3 Be6 37. Rc5 Rd7 38. Rb7 Rd6 39. Rc6 Rd4 40. a5 Bd5
41. Bxd5 Rxd5 42. Rc5 Rfd8 43. Rxd5 Rxd5 44. b4 Rxh5 45. a6 Rh1+ 46. Nc1 1-0

[Event "Politiken Cup 2007"]
[Site "Helsingor"]
[Date "2007.07.22"]
[Round "3.7"]
[White "Nithander, Victor"]
[Black "Hector, Jonny"]
[Result "1-0"]
[WhiteElo "2357"]
[BlackElo "2550"]
[PlyCount "91"]
[EventDate "2007.??.??"]

1. e4 e5 2. Nf3 Nc6 3. Bb5 a6 4. Ba4 Nf6 5. O-O Bc5 6. c3 b5 7. Bb3 d6 8. a4
Bg4 9. d3 O-O 10. h3 Bxf3 11. Qxf3 Na5 12. Bc2 b4 13. Nd2 Rb8 14. Qe2 Re8 15.
Nf3 bxc3 16. bxc3 Nb3 17. Rb1 Nxc1 18. Rfxc1 Bb6 19. g3 Ba5 20. Bb3 Nd7 21. d4
Qf6 22. Kg2 Rb6 23. Qc4 c6 24. Bc2 c5 25. Rxb6 Bxb6 26. Qxa6 cxd4 27. a5 Bc5
28. Ba4 Qd8 29. cxd4 exd4 30. e5 Ba3 31. Ra1 Bb2 32. Ra2 Nc5 33. Qxd6 Nxa4 34.
Rxa4 Qa8 35. a6 d3 36. Qxd3 Bxe5 37. a7 Bf6 38. Qd7 Rd8 39. Qc7 Re8 40. Qd7 Rd8
41. Qc7 Re8 42. Rb4 Be5 43. Qd7 Rf8 44. Rb5 Bf6 45. Qb7 Qe8 46. Ra5 1-0

[Event "Politiken Cup 2007"]
[Site "Helsingor"]
[Date "2007.07.22"]
[Round "3.8"]
[White "Godena, Michele"]
[Black "Kleiman, Jake"]
[Result "1/2-1/2"]
[WhiteElo "2547"]
[BlackElo "2312"]
[PlyCount "118"]
[EventDate "2007.??.??"]

1. e4 d5 2. exd5 Qxd5 3. Nf3 Bg4 4. Be2 Nc6 5. h3 Bxf3 6. Bxf3 Qe5+ 7. Qe2
Qxe2+ 8. Bxe2 Nd4 9. Bd1 O-O-O 10. d3 e5 11. Nd2 g6 12. O-O Bh6 13. Re1 Ne7 14.
Nc4 Bxc1 15. Rxc1 f6 16. f4 Nec6 17. fxe5 b5 18. c3 Nf5 19. Bf3 bxc4 20. Bxc6
cxd3 21. Rcd1 fxe5 22. Rxe5 Rd6 23. Be4 Ng3 24. Bf3 h5 25. Kf2 h4 26. Rd5 Rxd5
27. Bxd5 Re8 28. Rxd3 Re2+ 29. Kf3 Rxb2 30. Rd4 Rc2 31. Rxh4 Rxc3+ 32. Kf2 Nf5
33. Be6+ Kb7 34. Bxf5 gxf5 35. Rb4+ Kc6 36. Ra4 Kb6 37. h4 Rc1 38. Rf4 Rh1 39.
g3 c5 40. Kg2 Rd1 41. h5 Rd6 42. Rxf5 c4 43. Rf4 Kc5 44. g4 c3 45. Rf1 Kd4 46.
Rd1+ Ke5 47. Rc1 Kf4 48. Rxc3 Kxg4 49. Ra3 Kxh5 50. Rxa7 Kg4 51. a4 Kf4 52. a5
Ke4 53. a6 Kd5 54. Ra8 Kc6 55. Rb8 Rd2+ 56. Kf3 Ra2 57. Ra8 Kb6 58. Ke4 Rxa6
59. Rxa6+ Kxa6 1/2-1/2

[Event "Politiken Cup 2007"]
[Site "Helsingor"]
[Date "2007.07.22"]
[Round "3.9"]
[White "Hirneise, Tobias"]
[Black "Agrest, Evgenij"]
[Result "0-1"]
[WhiteElo "2293"]
[BlackElo "2541"]
[PlyCount "58"]
[EventDate "2007.??.??"]

1. e4 c5 2. Nf3 d6 3. d4 cxd4 4. Nxd4 Nf6 5. Nc3 g6 6. Be3 Bg7 7. f3 a6 8. g4
b5 9. Qd2 Nbd7 10. g5 Nh5 11. O-O-O Bb7 12. Kb1 Nb6 13. Qf2 Na4 14. Nxa4 bxa4
15. Bc4 Qc7 16. Bd5 Rb8 17. c4 O-O 18. Bxb7 Rxb7 19. Rc1 Rb4 20. Qd2 Rfb8 21.
Rc2 R4b7 22. Rhc1 Qd7 23. Qa5 Nf4 24. Rd1 Ne6 25. Rdd2 Nc5 26. Ne2 Nd3 27. Bd4
Bxd4 28. Nxd4 Qh3 29. Rg2 Nxb2 0-1

[Event "Politiken Cup 2007"]
[Site "Helsingor"]
[Date "2007.07.22"]
[Round "3.11"]
[White "Van Eijk, Sander"]
[Black "Lie, Kjetil A"]
[Result "0-1"]
[WhiteElo "2274"]
[BlackElo "2536"]
[PlyCount "114"]
[EventDate "2007.??.??"]

1. e4 c5 2. Nf3 g6 3. d4 cxd4 4. Nxd4 Bg7 5. Nc3 Nc6 6. Nde2 Nf6 7. g3 b5 8.
Bg2 Rb8 9. O-O O-O 10. h3 b4 11. Nd5 Nxd5 12. exd5 Ne5 13. Be3 Qc7 14. b3 Ba6
15. Re1 Bxe2 16. Rxe2 d6 17. Bd4 Bf6 18. a3 a5 19. axb4 Rxb4 20. c3 Rb5 21.
Rea2 Rfb8 22. Ra3 Nd7 23. Bf1 Bxd4 24. Bxb5 Bxc3 25. Bxd7 Bxa1 26. Bc6 Be5 27.
Kg2 Kg7 28. Qd3 Qb6 29. Ba4 Qc5 30. Ra2 Rb4 31. Rc2 Rd4 32. Rxc5 Rxd3 33. Rxa5
Rd2 34. Bc6 Bd4 35. b4 Bxf2 36. Kf3 f5 37. Ra1 Bd4 38. Rf1 h5 39. g4 Kf6 40.
gxh5 gxh5 41. Bd7 h4 42. b5 Rb2 43. Be6 Kg5 44. Bd7 Rh2 45. Be6 Rc2 46. Bd7 Rd2
47. Bc8 Ra2 48. Be6 Rc2 49. Bd7 Rb2 50. Be8 Bb6 51. Bd7 Rh2 52. Be6 Rxh3+ 53.
Kg2 Rg3+ 54. Kh2 f4 55. Rb1 f3 56. Rb3 Kf6 57. Bh3 Bg1+ 0-1

[Event "Politiken Cup 2007"]
[Site "Helsingor"]
[Date "2007.07.22"]
[Round "3.12"]
[White "Schandorff, Lars"]
[Black "Roelvaag, Mikael"]
[Result "1-0"]
[WhiteElo "2521"]
[BlackElo "2245"]
[PlyCount "43"]
[EventDate "2007.??.??"]

1. d4 Nf6 2. c4 e6 3. Nf3 b6 4. g3 Bb7 5. Bg2 Be7 6. Nc3 Ne4 7. Bd2 Bf6 8. Qc2
Nxd2 9. Qxd2 c5 10. d5 O-O 11. Ne4 exd5 12. cxd5 d6 13. h4 Re8 14. Nfg5 Qe7 15.
Qc2 g6 16. Nxf6+ Qxf6 17. Ne4 Qe7 18. Qc3 Nd7 19. O-O-O b5 20. g4 f6 21. Qg3
Ne5 22. g5 1-0

[Event "Politiken Cup 2007"]
[Site "Helsingor"]
[Date "2007.07.22"]
[Round "3.13"]
[White "Holzke, Frank"]
[Black "Hanssen, Gunnar Berg"]
[Result "1-0"]
[WhiteElo "2489"]
[BlackElo "2242"]
[PlyCount "97"]
[EventDate "2007.??.??"]

1. e4 c6 2. d4 d5 3. Nc3 dxe4 4. Nxe4 Bf5 5. Ng3 Bg6 6. h4 h6 7. Nf3 Nd7 8. h5
Bh7 9. Bd3 Bxd3 10. Qxd3 e6 11. Bf4 Qa5+ 12. Bd2 Qc7 13. O-O-O Ngf6 14. Qe2
O-O-O 15. Ne5 Nb6 16. Ba5 Rd5 17. Bxb6 axb6 18. f4 Rd8 19. Ne4 Nxe4 20. Qxe4
Bd6 21. c4 f5 22. Qe2 Bxe5 23. fxe5 Rd7 24. Rh3 Qd8 25. Rhd3 Qh4 26. Kc2 Rhd8
27. Kc3 b5 28. cxb5 cxb5 29. a3 Kb8 30. Rh3 Qf4 31. Qxb5 Qe4 32. Kb3 Qxg2 33.
Rhd3 Rd5 34. Qb6 Rc8 35. Ka2 Rc6 36. Qb4 Qc2 37. Rb3 Rd7 38. Rg1 Qc4 39. Qxc4
Rxc4 40. Rb6 Re7 41. Rd6 Kc7 42. Kb3 Rc6 43. Rxc6+ Kxc6 44. Kc4 b5+ 45. Kd3 Rf7
46. Rc1+ Kb6 47. d5 exd5 48. Kd4 f4 49. e6 1-0

[Event "Politiken Cup 2007"]
[Site "Helsingor"]
[Date "2007.07.22"]
[Round "3.14"]
[White "Tuominen, Risto"]
[Black "Brynell, Stellan"]
[Result "0-1"]
[WhiteElo "2272"]
[BlackElo "2470"]
[PlyCount "92"]
[EventDate "2007.??.??"]

1. d4 e6 2. c4 Nf6 3. Nf3 b6 4. Nc3 Bb4 5. Qc2 Bb7 6. a3 Bxc3+ 7. Qxc3 Ne4 8.
Qc2 f5 9. e3 O-O 10. Bd3 d6 11. O-O Rf6 12. Rd1 Nd7 13. b4 Rh6 14. d5 exd5 15.
cxd5 Bxd5 16. Bc4 Bxc4 17. Qxc4+ Kh8 18. Bb2 c5 19. Qd5 Qf8 20. g3 Re8 21. Nh4
Ne5 22. f4 Rxh4 23. fxe5 Rh6 24. Rf1 dxe5 25. Bxe5 Nf6 26. Bxf6 Rxf6 27. Rf4
Qe7 28. Re1 Qe6 29. Qxe6 Rexe6 30. bxc5 bxc5 31. Rc4 Re5 32. Rd1 h6 33. Kf2 Rb6
34. Rc3 Rb2+ 35. Kf3 Rxh2 36. Kf4 Re7 37. Kxf5 Kh7 38. Kg4 Re5 39. Rd7 Rf2 40.
Rc7 Rg5+ 41. Kh3 Rf3 42. R7xc5 Rfxg3+ 43. Kh2 Rg2+ 44. Kh1 Rg1+ 45. Kh2 R5g2+
46. Kh3 g5 0-1

[Event "Politiken Cup 2007"]
[Site "Helsingor"]
[Date "2007.07.22"]
[Round "3.15"]
[White "Rohit, G."]
[Black "Urkedal, Frode"]
[Result "1/2-1/2"]
[WhiteElo "2470"]
[BlackElo "2235"]
[PlyCount "72"]
[EventDate "2007.??.??"]

1. e4 c5 2. Nf3 d6 3. d4 cxd4 4. Nxd4 Nf6 5. Nc3 a6 6. Be3 e6 7. Be2 Be7 8. f4
Qc7 9. O-O O-O 10. Qe1 b5 11. Bf3 Bb7 12. a3 Nbd7 13. Rd1 Nc5 14. Bc1 Rfd8 15.
e5 dxe5 16. fxe5 Bxf3 17. Nxf3 Rxd1 18. Qxd1 Rd8 19. Qe2 Nd5 20. Nxd5 Rxd5 21.
Rd1 Qd7 22. Rxd5 Qxd5 23. Qd2 Qc4 24. b4 Ne4 25. Qd3 Qxd3 26. cxd3 Nc3 27. Kf1
Kf8 28. Ke1 Ke8 29. Bg5 Bxg5 30. Nxg5 h6 31. Ne4 Nxe4 32. dxe4 Ke7 33. Ke2 f6
34. Ke3 fxe5 35. g4 Kf6 36. h4 g5 1/2-1/2

[Event "Politiken Cup 2007"]
[Site "Helsingor"]
[Date "2007.07.22"]
[Round "3.16"]
[White "Thorhallsson, Throstur"]
[Black "Schultz-Pedersen, Jesper"]
[Result "1-0"]
[WhiteElo "2461"]
[BlackElo "2204"]
[PlyCount "61"]
[EventDate "2007.??.??"]

1. e4 Nc6 2. d4 d5 3. Nc3 dxe4 4. d5 Ne5 5. Qd4 Ng6 6. Be3 a6 7. O-O-O f5 8.
Qa4+ Bd7 9. Qb3 Qc8 10. f3 e5 11. dxe6 Bxe6 12. Bc4 Bxc4 13. Qxc4 Bd6 14. fxe4
Ne5 15. Qb3 Nf6 16. Nf3 Nxf3 17. gxf3 fxe4 18. Nxe4 Nxe4 19. fxe4 Qh3 20. e5
Be7 21. Rhe1 Rd8 22. Rxd8+ Bxd8 23. Qxb7 O-O 24. Qd5+ Kh8 25. Bc5 Bg5+ 26. Kb1
Rd8 27. Qe4 Qxh2 28. e6 Qd2 29. a4 h6 30. e7 Re8 31. Rf1 1-0

[Event "Politiken Cup 2007"]
[Site "Helsingor"]
[Date "2007.07.22"]
[Round "3.17"]
[White "Coleman, Teddy"]
[Black "Ivanov, Mikhail M"]
[Result "0-1"]
[WhiteElo "2248"]
[BlackElo "2455"]
[PlyCount "70"]
[EventDate "2007.??.??"]

1. d4 Nf6 2. c4 d6 3. Nc3 Nbd7 4. g3 e5 5. Bg2 g6 6. Nf3 Bg7 7. O-O O-O 8. e3
c6 9. Qc2 Re8 10. Nd2 h5 11. b4 exd4 12. exd4 a5 13. b5 c5 14. Bb2 cxd4 15. Na4
Nc5 16. Bxd4 Bf5 17. Qd1 Bd3 18. Bxc5 dxc5 19. Bxb7 Bxf1 20. Nxf1 Ng4 21. h3
Nxf2 22. Kxf2 Rb8 23. Bc6 Qf6+ 24. Kg2 Rbd8 25. Bxe8 Rxd1 26. Rxd1 Qe7 27. Rd2
Qxe8 28. Nxc5 Qe7 29. Nd7 Qe4+ 30. Kh2 Qxc4 31. b6 Qb5 32. Ne3 Bh6 33. Nf6+ Kg7
34. Nfd5 h4 35. gxh4 Bxe3 0-1

[Event "Politiken Cup 2007"]
[Site "Helsingor"]
[Date "2007.07.22"]
[Round "3.18"]
[White "Rasmussen, Allan Stig"]
[Black "Rossen, Claus"]
[Result "1-0"]
[WhiteElo "2450"]
[BlackElo "2200"]
[PlyCount "83"]
[EventDate "2007.??.??"]

1. e4 e5 2. Nf3 Nf6 3. Nxe5 d6 4. Nf3 Nxe4 5. Qe2 Qe7 6. d3 Nf6 7. Bg5 Qxe2+ 8.
Bxe2 Nc6 9. Bxf6 gxf6 10. Nc3 Be6 11. d4 d5 12. Bb5 O-O-O 13. Bxc6 bxc6 14. Na4
Rg8 15. Kf1 Bf5 16. Ne1 Re8 17. Rd1 Bh6 18. f3 Be3 19. Nc5 h5 20. c3 h4 21.
Ned3 h3 22. g3 Bg6 23. Nf2 Rh8 24. Re1 f5 25. Nd1 Bc1 26. Nb3 Bh6 27. f4 Bh5
28. Kf2 Kd7 29. Nc5+ Kd6 30. Rxe8 Rxe8 31. Ne3 Bg4 32. b4 Rb8 33. Nb3 Ke6 34.
Re1 Kf6 35. Nc5 Rd8 36. Na6 Rd7 37. Nb8 Rd6 38. Na6 Rd7 39. Rb1 Bf8 40. Nb8 Rd6
41. Rb3 Re6 42. Nd7+ 1-0

[Event "Politiken Cup 2007"]
[Site "Helsingor"]
[Date "2007.07.22"]
[Round "3.19"]
[White "Bleis, Christian Dr"]
[Black "Karttunen, Mika"]
[Result "1-0"]
[WhiteElo "2246"]
[BlackElo "2447"]
[PlyCount "101"]
[EventDate "2007.??.??"]

1. d4 d5 2. Nf3 Nf6 3. Bf4 c6 4. e3 Qb6 5. Qc1 Bf5 6. Bd3 g6 7. O-O Nbd7 8. h3
Bg7 9. Bxf5 gxf5 10. Ne5 c5 11. c3 Nxe5 12. Bxe5 O-O 13. Bxf6 Bxf6 14. Nd2 Kh8
15. Nb3 c4 16. Nd2 Rg8 17. Qc2 Rg5 18. f4 Rh5 19. b3 cxb3 20. Qxb3 Qa5 21. Qb4
Qa6 22. c4 Rg8 23. Rf3 Rh6 24. Qb5 Rhg6 25. Rf2 Qe6 26. Nf1 Bh4 27. Re2 Qe4 28.
Qxd5 Rxg2+ 29. Rxg2 Rxg2+ 30. Kh1 Qxd5 31. cxd5 Rc2 32. a3 b5 33. Rb1 a6 34.
Rb3 Kg7 35. Rd3 Be1 36. Rd1 Re2 37. Rc1 a5 38. Rc5 b4 39. axb4 axb4 40. Rb5 Rb2
41. Rb7 b3 42. Rxe7 Rb1 43. Rb7 b2 44. Kg2 Bc3 45. d6 Ra1 46. d7 Ra2 47. Kf3
Ba5 48. Nd2 Bd8 49. Rb8 b1=Q 50. Nxb1 Bh4 51. e4 1-0

[Event "Politiken Cup 2007"]
[Site "Helsingor"]
[Date "2007.07.22"]
[Round "3.20"]
[White "Aabling-Thomsen, Jakob"]
[Black "Hammer, Jon Ludvig"]
[Result "1-0"]
[WhiteElo "2242"]
[BlackElo "2412"]
[PlyCount "81"]
[EventDate "2007.??.??"]

1. e4 e5 2. f4 exf4 3. Nf3 g5 4. Bc4 g4 5. Ne5 Qh4+ 6. Kf1 Nh6 7. d4 d6 8. Nd3
f3 9. Nf4 fxg2+ 10. Kxg2 Nc6 11. Be3 Bd7 12. Qd2 Nd8 13. Bf2 Qg5 14. Nd5 Qxd2
15. Nxc7+ Ke7 16. Nxd2 Rc8 17. Bh4+ f6 18. Nd5+ Kf7 19. Nxf6+ Be6 20. Nd5 Bxd5
21. Bxd5+ Ke8 22. Bf6 Rxc2 23. Rhd1 Rg8 24. Bb3 Rxb2 25. d5 Bg7 26. Ba4+ Kf8
27. Bxb2 Bxb2 28. Rab1 Bf6 29. Rdc1 Nhf7 30. Rc8 Kg7 31. Bd7 Ne5 32. Bf5 h5 33.
Rbc1 Kh6 34. R1c7 Rg7 35. Nb3 Nd3 36. Na5 Nc5 37. Rxg7 Kxg7 38. e5 Bg5 39. exd6
Nf7 40. Rxc5 b6 41. Rc7 1-0

[Event "Politiken Cup 2007"]
[Site "Helsingor"]
[Date "2007.07.22"]
[Round "3.21"]
[White "Antonsen, Mikkel"]
[Black "Roder, Peter"]
[Result "1-0"]
[WhiteElo "2406"]
[BlackElo "2080"]
[PlyCount "97"]
[EventDate "2007.??.??"]

1. d4 Nf6 2. c4 g6 3. Nc3 Bg7 4. e4 d6 5. f3 O-O 6. Nge2 Nc6 7. Bg5 a6 8. Qd2
Re8 9. d5 Ne5 10. Nd4 c5 11. Nc2 Rb8 12. a4 Qc7 13. Be2 b6 14. O-O Bb7 15. Rad1
Rbd8 16. f4 Ned7 17. Ne3 h6 18. Bh4 Nh7 19. Kh1 Ndf8 20. Ng4 h5 21. Ne3 Bf6 22.
Bg3 Bc8 23. h3 e5 24. dxe6 fxe6 25. Qe1 Qg7 26. Bh4 Bb7 27. Bf3 Rd7 28. Bxf6
Nxf6 29. e5 dxe5 30. fxe5 N6h7 31. Bxb7 Rxd1 32. Nexd1 Qxb7 33. Ne4 Re7 34.
Ndc3 Rf7 35. Rxf7 Qxf7 36. a5 bxa5 37. Nxc5 Qc7 38. Qe3 Qc6 39. N3e4 Kg7 40.
Nd6 a4 41. Qf2 Kh6 42. h4 g5 43. hxg5+ Kg6 44. Nxe6 Nxe6 45. Qf5+ Kg7 46. Qxe6
Qc5 47. Qh6+ Kg8 48. Qg6+ Kh8 49. Nf7# 1-0

[Event "Politiken Cup 2007"]
[Site "Helsingor"]
[Date "2007.07.22"]
[Round "3.23"]
[White "Christensen, Bo Garner"]
[Black "Pedersen, Christian Kyndel"]
[Result "1-0"]
[WhiteElo "2223"]
[BlackElo "2392"]
[PlyCount "95"]
[EventDate "2007.??.??"]

1. e4 c5 2. Nf3 d6 3. d4 cxd4 4. Nxd4 Nf6 5. Nc3 a6 6. Bg5 e6 7. f4 Qc7 8. Qf3
b5 9. O-O-O b4 10. Nb1 Bb7 11. Bxf6 gxf6 12. Nd2 Nd7 13. Bc4 Nc5 14. Rhe1 O-O-O
15. Qf1 h5 16. Kb1 Kb8 17. N4b3 Ka7 18. Nxc5 Qxc5 19. Nb3 Qb6 20. f5 d5 21.
exd5 exd5 22. Be2 Bd6 23. Bf3 Be5 24. h3 h4 25. Qd3 Rd7 26. Qe3 Rc8 27. Qxb6+
Kxb6 28. Re2 a5 29. Red2 Rcd8 30. Nc1 Rg8 31. Nd3 Rd6 32. Re1 Re8 33. Nf2 Red8
34. Ng4 Bf4 35. Rd4 Bg5 36. Nf2 Kc5 37. c3 bxc3 38. bxc3 Ba6 39. Ka1 Bc4 40.
Nd1 Bb5 41. Nb2 Bc4 42. Na4+ Kb5 43. Rb1+ Ka6 44. Nc5+ Ka7 45. Rxc4 dxc4 46.
Rb7+ Ka8 47. Nd7 Re8 48. Rb6+ 1-0

[Event "Politiken Cup 2007"]
[Site "Helsingor"]
[Date "2007.07.22"]
[Round "3.24"]
[White "Christensen, Svend Ellegaard"]
[Black "Zude, Erik Dr"]
[Result "0-1"]
[WhiteElo "2199"]
[BlackElo "2399"]
[PlyCount "102"]
[EventDate "2007.??.??"]

1. d4 d5 2. Nf3 Nf6 3. Bf4 c5 4. e3 Nc6 5. c3 Qb6 6. Qb3 c4 7. Qxb6 axb6 8.
Nbd2 b5 9. Be2 h6 10. O-O Bf5 11. a3 e6 12. Ne5 Be7 13. h3 Bh7 14. Rfe1 O-O 15.
Bh2 Nxe5 16. Bxe5 Nd7 17. Bh2 Nb6 18. f3 Na4 19. Ra2 b4 20. cxb4 Nxb2 21. Rxb2
c3 22. Ra2 cxd2 23. Rxd2 Rxa3 24. Rb2 Rxe3 25. Bf4 Rc3 26. Ra1 Bf6 27. Be5 Bxe5
28. dxe5 Re3 29. Ra7 Rb8 30. Rba2 g5 31. Kf2 Rb3 32. b5 d4 33. R7a3 Rc3 34. Ra8
Rxa8 35. Rxa8+ Kg7 36. Rd8 d3 37. Bf1 Rb3 38. b6 Rxb6 39. Bxd3 Bxd3 40. Rxd3
Rb2+ 41. Kg3 b5 42. Rc3 Rd2 43. Rc7 Rd5 44. f4 Rd3+ 45. Kg4 Kg6 46. fxg5 hxg5
47. Rb7 Rd5 48. h4 gxh4 49. Kxh4 Rxe5 50. g4 Re4 51. Kg3 Rb4 0-1

[Event "Politiken Cup 2007"]
[Site "Helsingor"]
[Date "2007.07.22"]
[Round "3.25"]
[White "Bulski, Krzysztof"]
[Black "Jensen, Morten Frank"]
[Result "1-0"]
[WhiteElo "2396"]
[BlackElo "2054"]
[PlyCount "55"]
[EventDate "2007.??.??"]

1. e4 Nc6 2. Nf3 d6 3. d4 Bg4 4. Be3 Nf6 5. Nc3 e6 6. Be2 d5 7. h3 Bxf3 8. Bxf3
dxe4 9. Nxe4 Nd5 10. O-O Be7 11. c4 Nxe3 12. fxe3 O-O 13. Qb3 Rb8 14. Rad1 Na5
15. Qc3 b6 16. b4 Nc6 17. a3 f5 18. Nf2 Qe8 19. e4 e5 20. dxe5 Bh4 21. exf5
Nxe5 22. Bd5+ Kh8 23. Ne4 b5 24. cxb5 Qxb5 25. Qxe5 c6 26. f6 Rf7 27. fxg7+
Rxg7 28. Rf7 1-0

[Event "Politiken Cup 2007"]
[Site "Helsingor"]
[Date "2007.07.22"]
[Round "3.26"]
[White "Akdag, Dara"]
[Black "Sorensen, Torben"]
[Result "0-1"]
[WhiteElo "2053"]
[BlackElo "2375"]
[PlyCount "48"]
[EventDate "2007.??.??"]

1. d4 f5 2. c4 Nf6 3. Nc3 d6 4. Nf3 g6 5. g3 Bg7 6. Bg2 O-O 7. O-O Qe8 8. d5 a5
9. Rb1 Na6 10. a3 Nc5 11. Nd2 a4 12. e4 f4 13. b4 axb3 14. Nxb3 fxg3 15. hxg3
Ng4 16. Nb5 Na6 17. f4 g5 18. fxg5 Rxf1+ 19. Bxf1 Qh5 20. Qe2 Bd7 21. N5d4 Rf8
22. Bf4 Nc5 23. Bg2 Qh2+ 24. Kf1 Qxg3 0-1

[Event "Politiken Cup 2007"]
[Site "Helsingor"]
[Date "2007.07.22"]
[Round "3.27"]
[White "Khenkin, Igor"]
[Black "Leszczynski, Krzysztof"]
[Result "1-0"]
[WhiteElo "2602"]
[BlackElo "2180"]
[PlyCount "107"]
[EventDate "2007.??.??"]

1. d4 d5 2. Nf3 Nf6 3. c4 c6 4. Qb3 a6 5. Nc3 b5 6. c5 a5 7. Ne5 a4 8. Qc2 Qa5
9. Bd2 b4 10. Nd1 Ne4 11. a3 Nxd2 12. Qxd2 b3 13. Nc3 f6 14. Nd3 Bf5 15. Nb4 e5
16. dxe5 Bxc5 17. exf6 O-O 18. fxg7 Rf7 19. e3 Bxb4 20. axb4 Qxb4 21. Ra3 Nd7
22. Qd4 Qxd4 23. exd4 Nb6 24. f3 Re7+ 25. Kf2 Rae8 26. Ba6 Ra8 27. Be2 Rae8 28.
Ba6 Ra8 29. Be2 Rae8 30. Rc1 Bc2 31. Ba6 Ra8 32. Bf1 Kxg7 33. Rca1 Rea7 34. Re1
Kf6 35. g4 Re7 36. Rea1 Rea7 37. Re1 Re7 38. Rea1 Rea7 39. h4 Ra5 40. Re1 c5
41. g5+ Kf7 42. Nb5 Rxb5 43. Bxb5 cxd4 44. h5 Nc4 45. Bc6 Ra5 46. Rxa4 Rxa4 47.
Be8+ Kf8 48. Bxa4 Nxb2 49. Re8+ Kf7 50. g6+ hxg6 51. h6 Nxa4 52. h7 Kxe8 53.
h8=Q+ Ke7 54. Qe5+ 1-0